000 01056nam a2200301 u 4500
001 000034609
003 DO-SdBNP
005 20230419103303.0
007 ta
008 111010s2008 cl a 000 0 spa d
020 _a9789583005008
040 _aDO-SdBNP
_bspa
_cBNPHU
_erda
082 4 _a822.33
_bS527rom 1998
_222
100 1 _aShakespeare, William,
_d1564-1616
_96748
245 1 0 _aRomeo y Julieta /
_cWilliam Shakespeare ; prólogo Jorge Plata ; edición Gabriel Silva ; traducción Marcelino Menéndez y Pelayo.
264 _aBogotá :
_bPanamericana,
_c2008.
300 _a111 páginas
_bilustraciones ;
_c21 cm.
336 _2rdacontent
_atexto
_btxt
337 _2rdamedia
_asin mediación
_b n
338 _2rdacarrier
_avolumen
_bnc
650 4 _aLiteratura inglesa
_9498
650 4 _aTeatro inglés
_96749
700 1 _aPlata, Jorge,
_eprólogo
_960050
700 1 _aSilva, Gabriel,
_eedición
_960051
700 1 _aMenéndez y Pelayo, Marcelino,
_etraductor
_960052
910 _aValidado. Control de calidad. MAA
942 _2ddc
_cLBS1
999 _c34100
_d34100